000 00213 a2200097 4500
001 48428
100 _aGabriel, R.A
245 _aCrisis in command
260 _aNew York
_bHill and Wang
_c
090 _c31366
_d31366
942 _aNUST-CAE
_cM
_c23743
999 _c283501
_d283501